|
|
|
|
| LEADER |
00000nab a2200000uu 4500 |
| 001 |
vtls011449821 |
| 003 |
SK-MaSNL |
| 005 |
20260303151433.0 |
| 008 |
230222|1977 xo |||||||||||||||||slo| |
| 015 |
|
|
|a SNBRB
|
| 035 |
|
|
|a (urnnbn)urn:nbn:sk:snk:ar-006ba0
|
| 035 |
|
|
|a (uuid)047f2bfb-3162-4a3d-a8c6-a391cadbb12c
|
| 035 |
|
|
|a urn:nbn:sk:snk-abcm5g
|
| 040 |
|
|
|a SNKBUCL
|b slo
|c SNKBUCL
|e AACR2
|
| 041 |
0 |
|
|a slo
|
| 044 |
|
|
|a xo
|c SK
|
| 100 |
1 |
|
|a Kaleta, Milan,
|d 1931-
|4 aut
|9 6691
|
| 245 |
1 |
0 |
|a Niektoré aspekty znečisťovania životného prostredia
|c Milan Kaleta, Ivan Horváth, Ján Navara
|
| 700 |
1 |
|
|a Horváth, Ivan,
|d 1937-
|4 aut
|9 202940
|
| 700 |
1 |
|
|a Navara, Ján
|4 aut
|9 397927
|
| 773 |
0 |
|
|t Životné prostredie : revue pre teóriu a starostlivosť o životné prostredie
|g Roč. 11, č. 5 (1977), s. 260-265
|
| 954 |
|
|
|a odborná, vedecká literatúra pôvodná (slovenská)
|2 lita
|
| 958 |
|
|
|a OND
|
| 958 |
|
|
|a EUIPO
|
| 958 |
|
|
|a article16
|
| 999 |
|
|
|c 2017709
|d 2019639
|